000 00588nam a2200229Ia 4500
003 OSt
005 20220918210239.0
006 a|||||r|||| 00| 0
007 ta
008 220917b |||||||| |||| 00| 0 eng d
024 _a119,743
037 _cTextual
040 _aARTS
_cARTS
_beng
041 _2eng
_aeng
082 _aV73:26:9Z, E6
100 _aMcbain Howard Lee
_9117564
245 0 _aLaw and the practice of municipal home rule
260 _c1926
650 _aHISTORY
942 _hV73:26:9Z, E6
_cTEXL
_2CC
999 _c243002
_d243002